|
|
|
|
| LEADER |
01271nam a2200277 a 4500 |
| 001 |
32070 |
| 003 |
BD-DhAAL |
| 008 |
171106s2016 bg ||||| |||| 00| 0 eng d |
| 999 |
|
|
|c 38274
|d 38274
|
| 020 |
|
|
|a 9789843396044
|
| 040 |
|
|
|a BD-DhAAL
|
| 082 |
|
|
|2 22
|a 315.492
|
| 110 |
|
|
|4 National Government Publication
|a Bangladesh Bureau of Statistics
|9 23487
|
| 245 |
|
|
|a Statistical Year Book of Bangladesh 2014
|b Bāṃlādeśa parisaṃkhyāna barshagrantha.
|
| 250 |
|
|
|a Thirtry Fourth edition
|
| 260 |
|
|
|a Dhaka, Bangladesh, :
|b Bangladesh Bureau of Statistics, Statistics & Informatic Division(SID), Ministry of Planning,Government of the People's Republic of Bangladesh,
|c 2016
|
| 300 |
|
|
|a xxx, 556 pages ;
|c 28 cm.
|
| 526 |
|
|
|a AAL
|
| 541 |
|
|
|a Karim International
|e 32070
|
| 650 |
|
|
|a Statistics
|z Bangladesh
|9 23488
|
| 650 |
|
|
|a Economic conditions
|x Statistics
|z Bangladesh
|9 23489
|
| 710 |
|
|
|a Statistics and Informatics Divison (SID),
|9 23490
|
| 710 |
|
|
|a Ministry of Planning,
|9 23491
|
| 710 |
|
|
|a Government of The Peoples Republic of Bangladesh.
|9 23492
|
| 942 |
|
|
|2 ddc
|c BK
|
| 952 |
|
|
|0 0
|1 0
|2 ddc
|4 0
|6 315_492000000000000_STA
|7 0
|9 61047
|a BRACUL
|b BRACUL
|c GEN
|d 2017-11-06
|e Karim Interrnational
|g 540.00
|l 0
|o 315.492 STA
|p 3010032070
|r 2017-08-27
|t 1
|v 540.00
|w 2017-08-27
|y BK
|